<?xml version="1.0" encoding="UTF-8"?><marc:collection xmlns:marc="http://www.loc.gov/MARC21/slim">
  <marc:record>
    <marc:leader>00000nam##2200000za#4500</marc:leader>
    <marc:controlfield tag="001">9.602717</marc:controlfield>
    <marc:controlfield tag="003">CaOODSP</marc:controlfield>
    <marc:controlfield tag="005">20210624210719</marc:controlfield>
    <marc:controlfield tag="007">cr |||||||||||</marc:controlfield>
    <marc:controlfield tag="008">150406|1996||||xxc|||||o    f|0| 0 fre|d</marc:controlfield>
    <marc:datafield tag="040" ind1=" " ind2=" ">
      <marc:subfield code="a">CaOODSP</marc:subfield>
      <marc:subfield code="b">fre</marc:subfield>
    </marc:datafield>
    <marc:datafield tag="043" ind1=" " ind2=" ">
      <marc:subfield code="a">n-cn---</marc:subfield>
    </marc:datafield>
    <marc:datafield tag="086" ind1="1" ind2=" ">
      <marc:subfield code="a">F21-4/96-7F-PDF</marc:subfield>
    </marc:datafield>
    <marc:datafield tag="110" ind1="1" ind2=" ">
      <marc:subfield code="a">Canada. </marc:subfield>
      <marc:subfield code="b">Ministère des finances.</marc:subfield>
    </marc:datafield>
    <marc:datafield tag="245" ind1="1" ind2="0">
      <marc:subfield code="a">Les effets économiques de l'imposition des dividendes / </marc:subfield>
      <marc:subfield code="h">[ressource électronique]</marc:subfield>
      <marc:subfield code="c">[par] Kenneth J. McKenzie et Aileen J. Thompson ; rédigé pour le Comité technique de la fiscalité des entreprises. </marc:subfield>
    </marc:datafield>
    <marc:datafield tag="260" ind1=" " ind2=" ">
      <marc:subfield code="a">Ottawa - Ontario : </marc:subfield>
      <marc:subfield code="b">Finances Canada </marc:subfield>
      <marc:subfield code="c">Décembre 1996.</marc:subfield>
    </marc:datafield>
    <marc:datafield tag="300" ind1=" " ind2=" ">
      <marc:subfield code="a">42p.</marc:subfield>
      <marc:subfield code="b">références, tableaux</marc:subfield>
    </marc:datafield>
    <marc:datafield tag="490" ind1="1" ind2=" ">
      <marc:subfield code="a">Document de travail</marc:subfield>
      <marc:subfield code="v">96-7</marc:subfield>
    </marc:datafield>
    <marc:datafield tag="500" ind1=" " ind2=" ">
      <marc:subfield code="a">«Cette étude porte sur la justification théorique et les répercussions de l'imposition des dividendes dans le contexte de l'économie canadienne. Il analyse en particulier les répercussions de l'imposition des dividendes sur les investissements réels. Il décrit trois théories de l'imposition des dividendes, dont chacune a des répercussions différentes sur les investissements et la politique financière des entreprises.»--Résumé.</marc:subfield>
    </marc:datafield>
    <marc:datafield tag="520" ind1="3" ind2=" ">
      <marc:subfield code="a">Cette étude porte sur la justification théorique et les répercussions de l'imposition des dividendes dans le contexte de l'économie canadienne. Il analyse en particulier les répercussions de l'imposition des dividendes sur les investissements réels. Il décrit trois théories de l'imposition des dividendes, dont chacune a des répercussions différentes sur les investissements et la politique financière des entreprises.--Résumé</marc:subfield>
    </marc:datafield>
    <marc:datafield tag="590" ind1=" " ind2=" ">
      <marc:subfield code="a">11-30-Supp</marc:subfield>
      <marc:subfield code="b">2011-12-02</marc:subfield>
    </marc:datafield>
    <marc:datafield tag="691" ind1="0" ind2="7">
      <marc:subfield code="a">Impôt</marc:subfield>
      <marc:subfield code="2">gcpds</marc:subfield>
    </marc:datafield>
    <marc:datafield tag="691" ind1="0" ind2="7">
      <marc:subfield code="a">Entreprise</marc:subfield>
      <marc:subfield code="2">gcpds</marc:subfield>
    </marc:datafield>
    <marc:datafield tag="691" ind1="0" ind2="7">
      <marc:subfield code="a">Investissement</marc:subfield>
      <marc:subfield code="2">gcpds</marc:subfield>
    </marc:datafield>
    <marc:datafield tag="720" ind1="1" ind2=" ">
      <marc:subfield code="a">McKenzie, Kenneth J.</marc:subfield>
    </marc:datafield>
    <marc:datafield tag="720" ind1="1" ind2=" ">
      <marc:subfield code="a">Thompson, Aileen J.</marc:subfield>
    </marc:datafield>
    <marc:datafield tag="775" ind1="0" ind2="8">
      <marc:subfield code="t">The economic effects of dividend taxation / </marc:subfield>
      <marc:subfield code="w">(CaOODSP)9.572340</marc:subfield>
    </marc:datafield>
    <marc:datafield tag="776" ind1="0" ind2="#">
      <marc:subfield code="t">Les effets économiques de l'imposition des dividendes / </marc:subfield>
      <marc:subfield code="w">(CaOODSP)9.624355</marc:subfield>
    </marc:datafield>
    <marc:datafield tag="830" ind1="#" ind2="0">
      <marc:subfield code="a">Document de travail ;</marc:subfield>
      <marc:subfield code="v">96-7</marc:subfield>
      <marc:subfield code="w">(CaOODSP)9.503121</marc:subfield>
    </marc:datafield>
    <marc:datafield tag="856" ind1="4" ind2="0">
      <marc:subfield code="a">http://publications.gc.ca</marc:subfield>
      <marc:subfield code="q">PDF</marc:subfield>
      <marc:subfield code="s">128 Ko</marc:subfield>
      <marc:subfield code="u">https://publications.gc.ca/collections/Collection/F21-4-96-7F.pdf</marc:subfield>
      <marc:subfield code="y">96-7</marc:subfield>
    </marc:datafield>
  </marc:record>
</marc:collection>
